Loreto College Library, Kolkata
WEBOPAC (ONLINE PUBLIC ACCESS CATALOGUE)

The twelfth-century renaissance (Record no. 7712)

MARC details
000 -LEADER
fixed length control field 00640nam a2200217Ia 4500
005 - DATE AND TIME OF LATEST TRANSACTION
control field 20230612121012.0
008 - FIXED-LENGTH DATA ELEMENTS--GENERAL INFORMATION
fixed length control field 131103s9999 xx 000 0 und d
020 ## - ISBN | অাই এস বি এন
ISBN | অাই এস বি এন 719042569
PRICE GBP 14.99
040 ## - CATALOGING SOURCE
Original cataloging agency Loreto College
041 ## - LANGUAGE CODE
Language code English
082 ## - DDC | ডিউই
Classification number | বর্গসংখ্যা 940.21
Book Number | গ্রন্থাঙ্ক SWA
100 ## - MAIN ENTRY--PERSONAL NAME | মুখ্য সংলেখ - ব্যাক্তিনাম
Personal name | ব্যাক্তিনাম Swanson, R.N.
245 #4 - TITLE STATEMENT | অাখ্যা বিবরণী
Title | অাখ্যা The twelfth-century renaissance
Statement of responsibility | লেখকের দায়িত্বের বিবরণ R. N. Swanson
260 ## - IMPRINT | প্রকাশনা ক্ষেত্র
Place of publication | প্রকাশ স্থান Manchester and New York
Name of publisher | প্রকাশকের নাম Manchester University Press
Date of publication | প্রকাশ কাল 1999
300 ## - PHYSICAL DESCRIPTION |
Page / Vol. No | পৃষ্ঠা / খন্ড সংখ্যা ix,240p
Other physical details | অনান্য বাহ্যিক বিবরণ ill
504 ## - BIBLIOGRAPHY, ETC. NOTE
Bibliography, etc Includes bibliography and index
650 ## - SUBJECT ADDED ENTRY--TOPICAL TERM | বিষয় শিরোনাম - মূল বিষয়
Topical term | মূল বিষয় Europe, History, 12th Century
651 ## - SUBJECT ADDED ENTRY--GEOGRAPHIC NAME | বিষয় শিরোনাম - ভৌগলিক নাম
Geographic name | ভৌগলিক বিষয় Renaissance, 12th Century, Europe
850 ## - HOLDING INSTITUTION
Holding institution LCLIB
942 ## - ADDED ENTRY ELEMENTS (KOHA)
Koha item type Books
Holdings
Withdrawn status Lost status Source of classification Damaged status Not for loan Home library Current library Date acquired Total Checkouts Full call number Accession No. Date last seen Date checked out Price effective from Koha item type Coded location qualifier
    Dewey Decimal Classification     Loreto College Loreto College 04/11/2013 3 940.21 SWA 44044 B7587 05/12/2016 05/12/2016 04/11/2013 Books